| 000 | 00571nam a2200217 a 4500 | ||
|---|---|---|---|
| 001 | 0001-2055 | ||
| 003 | ELIB.Books | ||
| 008 | 190716 2010 eng | ||
| 020 | _aKBTS | ||
| 092 |
_a220.950 _bYou |
||
| 100 | _aWatch Tower | ||
| 245 | _aYou Can Live Forever in Paradise on Earth | ||
| 260 |
_aPennsylvania _bWatch Tower Bible and Tract Society _c1982 |
||
| 300 |
_a255 _c16 Cm |
||
| 650 | _aBible | ||
| 856 |
_nKBTS Library _uKBTS Elib |
||
| 942 |
_2ddc _cBK |
||
| 990 | _a1 | ||
| 998 |
_aEnglishbooks.elf _ccat _e2019-07-16 |
||
| 999 |
_c12055 _d12055 |
||